(Khmer) The red dove: (Record no. 48855)
| 000 -LEADER | |
|---|---|
| fixed length control field | 00306nam a2200097 4500 |
| 245 ## - TITLE STATEMENT | |
| Title | (Khmer) The red dove: |
| Remainder of title | African legends / |
| Statement of responsibility, etc | Illustrated by Isabelle Calin. |
| 260 ## - PUBLICATION, DISTRIBUTION, ETC. (IMPRINT) | |
| Place of publication, distribution, etc | Cambodia: |
| Name of publisher, distributor, etc | Sipar; |
| Date of publication, distribution, etc | 2022. |
| 300 ## - PHYSICAL DESCRIPTION | |
| Extent | 32 p. |
| Other physical details | col. ill. |
| Dimensions | 24 cm. |
| 700 ## - ADDED ENTRY--PERSONAL NAME | |
| Relator code | translator. |
| Personal name | Um Kim. |
| 9 (RLIN) | 86252 |
| 942 ## - ADDED ENTRY ELEMENTS (KOHA) | |
| Source of classification or shelving scheme | |
| Koha item type | Khmer Fic Books |
| Withdrawn status | Lost status | Source of classification or shelving scheme | Damaged status | Not for loan | Collection code | Home library | Current library | Shelving location | Date acquired | Total Checkouts | Full call number | Barcode | Checked out | Date last seen | Date checked out | Price effective from | Koha item type |
|---|---|---|---|---|---|---|---|---|---|---|---|---|---|---|---|---|---|
| SECONDARY | Asian Hope Secondary Library | Asian Hope Secondary Library | Junior Fiction | 04/23/2025 | 10 | KHMER J FIC CAL | 208339 | 05/05/2026 | 04/28/2026 | 04/28/2026 | 04/23/2025 | Khmer Fic Books |